00326nam a2200121Ia 4500008004100000082001900041100001600060245005700076250000900133260003300142300001000175650001900185150201s2002 xx 000 0 und d a617.64bC2002C aCAWSON,R.A. aCAWSONS ESSENTIALS OF ORAL PATHOLOGY & ORAL MEDICINE a7 TH bSAUNDERSaPHILADELPHIAc2002 a1-402 aORAL PATHOLOGY